Alemannia Aachen Kader 2024/25 - Statistiken

Allgemein
  • Dieses Quiz wurde 95 mal gespielt
    71 seit der letzten Aktualisierung
  • Das Durchschnittsergebnis liegt bei 22 aus 30
Antwortstatistiken
Position Nummer Spieler % Korrekt
Tor 1 Marcel Johnen
96%
Mittelfeld 9 Bentley Baxter Bahn
94%
Abwehr 15 Mika Hanraths
94%
Tor 23 Elias Bördner
92%
Angriff 21 Anton Heinz
90%
Mittelfeld 46 Gianluca Gaudino
90%
Abwehr 30 Nils Winter
88%
Abwehr 19 Florian Heister
86%
Tor 41 Jan Olschowsky
86%
Abwehr 5 Sasa Strujic
86%
Abwehr 4 Felix Meyer
84%
Abwehr 13 Jan-Luca Rumpf
84%
Angriff 8 Lukas Scepanik
82%
Mittelfeld 28 Danilo Wiebe
80%
Angriff 44 Niklas Castelle
80%
Mittelfeld 10 Anas Bakhat
78%
Angriff 35 Charlison Benschop
76%
Mittelfeld 36 Faton Ademi
76%
Tor 33 Leroy Zeller
76%
Mittelfeld 18 Soufiane El-Faouzi
76%
Angriff 11 Kevin Goden
71%
Abwehr 34 Patrick Nkoa
69%
Mittelfeld 17 Julian Schwermann
59%
Angriff 29 Daouda Beleme
53%
Abwehr 25 Lamar Yabrough
51%
Mittelfeld 49 Mika Pobric
49%
Angriff 14 Leandro Putaro
47%
Angriff 7 Sascha Marquet
43%
Abwehr 31 Lars Oesswein
39%
Angriff 37 Leon Rashica
31%
Keine übereinstimmenden Quizze gefunden
Verteilung der Resultate
Anzahl Personen mit jedem Resultat
Perzentil nach korrekt beantworteten Fragen
Ihre Resultats-Entwicklung
Sie haben dieses Quiz seit der letzten Aktualisierung nicht gespielt